000 01449cam a22003857a 4500
001 16021925
003 OSt
005 20140310181915.0
008 091214s2009 caua b 000 0 eng d
010 _a 2009282409
015 _aGBA901583
_2bnb
016 7 _a014865524
_2Uk
020 _a9780470227206 (pbk.)
020 _a0470227206 (pbk.)
035 _a(OCoLC)ocn295002228
040 _aUKM
_cUKM
_dSINIE
_dDLC
042 _alccopycat
050 0 0 _aQA 11.2
_b.St854 2009
082 0 4 _aTR 793.7
_bSt5 20
100 1 _aStickels, Terry H.
_9739
245 1 0 _aMath puzzles and brainteasers, grades 6-8 :
_bover 300 puzzles that teach math and problem solving skills /
_cTerry Stickels.
250 _a1st ed.
260 _aSan Francisco, Calif. :
_bJossey-Bass,
_c[2009].
300 _axviii, 232 p. :
_bill. ;
_c28 cm.
505 0 _aNumbers and operations -- Geometry and measurement -- Mathematical reasoning -- Algebra, statistics, and probability.
521 _aFaculty.
541 _j1
562 _e1
650 0 _aMathematics
_xStudy and teaching (Secondary)
_9740
650 0 _aMathematical recreations.
_9741
650 0 _aProblem solving
_xStudy and teaching (Secondary)
_9742
906 _a7
_bcbc
_ccopycat
_d3
_encip
_f20
_gy-gencatlg
942 _2lcc
_cBK-TR
_kTR
999 _c6717
_d6717